| 000 | 00613nam a2200133Ia 4500 | ||
|---|---|---|---|
| 008 | 100328s9999 xx 000 0 und d | ||
| 082 | _b71704 | ||
| 100 | _aदेशमुख अनंत. | ||
| 245 | _aश्रीधर बळवंत टिळक (चरित्र आणि लेखसंग्रह) | ||
| 260 | _bनवचैतन्य. | ||
| 630 | _aश्रीधर बळवंत टिळक (चरित्र आणि लेखसंग्रह) | ||
| 730 | _aश्रीधर बळवंत टिळक (चरित्र आणि लेखसंग्रह) | ||
| 942 | _cBOOK | ||
| 999 |
_c557428 _d557425 |
||